00336nam a2200121 a 4500008004100000020001500041050001600056100001700072245006300089260003300152350000900185650002000194120416s1982 ||||||||||||||||| || u a0852745532 aPN 4130 Ken aKenny, Peter12aA Handbook of public speaking for scientists and engineers aBristolbAdam Hilgerc[1982] a0.00 aPUBLIC SPEAKING